books of the bible quiz - Statistics

General Stats
  • This quiz has been taken 313 times
  • The average score is 49 of 66
Answer Stats
Hint Answer % Correct
1st book genesis
100%
2nd book exodus
97%
3rd book leviticus
93%
43rd book john
92%
42nd book luke
92%
41st book mark
91%
4th book numbers
91%
40th book matthew
90%
19th book psalms
87%
last book revelation
87%
5th book deuteronomy
85%
8th book ruth
85%
45th book romans
84%
44th book acts
83%
18th book job
83%
6th book joshua
83%
11th book 1 kings
82%
9th book 1 samuel
82%
12th book 2 kings
82%
10th book 2 samuel
82%
23rd book isaiah
80%
20th book proverbs
80%
7th book judges
79%
60th book 1 peter
78%
63rd book 2 john
78%
61st book 2 peter
78%
17th book esther
78%
46th book 1 corinthians
77%
62nd book 1 john
77%
47th book 2 corinthians
77%
13th book 1 chronicles
76%
54th book 1 timothy
76%
64th book 3 john
76%
24th book jeremiah
76%
14th book 2 chronicles
75%
55th book 2 timothy
75%
65th book jude
74%
27th book daniel
73%
49th book ephesians
72%
48th book galatians
72%
58th book hebrews
71%
32nd book jonah
70%
52nd book 1 thessalonians
69%
22nd book song of songs
69%
53rd book 2 thessalonians
68%
15th book ezra
68%
59th book james
68%
56th book titus
68%
39th book malachi
67%
16th book nehemiah
67%
51st book colossians
66%
21st book ecclesiastes
66%
26th book ezekiel
66%
25th book lamentations
66%
50th book philippians
66%
57th book philemon
65%
33rd book micah
63%
31st book obadiah
61%
30th book amos
59%
29th book joel
59%
35th book habakkuk
58%
28th book hosea
57%
38th book zechariah
56%
37th book haggai
52%
34th book nahum
52%
36th book zephaniah
51%
No matching quizzes found
Score Distribution
Percent of People with Each Score
Percentile by Number Answered
Your Score History
You have not taken this quiz